[Event "POL-chT 1st League 2020"]
[Site "Ustron"]
[Date "2020.09.08"]
[Round "4.23"]
[White "Czernek, Tymon"]
[Black "Renkowski, Piotr"]
[Result "1-0"]
[WhiteElo "2267"]
[BlackElo "2149"]
[Annotator "ChessBase"]
[PlyCount "79"]
[EventDate "2020.09.05"]
[EventType "team-tourn"]
[EventCountry "POL"]
[SourceTitle "playchess.com"]
[Source "ChessBase"]
[SourceQuality "1"]
[TimeControl "40/5400+30:1800+30"]

1. e4 {[%emt 0:00:00]} e6 {[%emt 0:00:00]} 2. d4 {[%emt 0:00:00]} d5 {[%emt 0:00:00]} 3. Nc3 {[%emt 0:00:00]} Nf6 {[%emt 0:00:00]} 4. e5 {[%emt 0:00:00]} Nfd7 {[%emt 0:00:00]} 5. f4 {[%emt 0:00:00]} c5 {[%emt 0:00:00]} 6. Nf3 {[%emt 0:00:00]} a6 {[%emt 0:00:00]} 7. Be3 {[%emt 0:01:25]} Qb6 {[%emt 0:00:00]} 8. Na4 {[%emt 0:17:58]} Qa5+ {[%emt 0:00:00]} 9. c3 {[%emt 0:00:05]} cxd4 {[%emt 0:00:04]} 10. b4 {[%emt 0:00:57]} Qc7 {[%emt 0:00:02]} 11. Bxd4 {[%emt 0:00:08]} Nc6 {[%emt 0:01:38]} 12. Be2 {[%emt 0:02:32]} Nxd4 {[%emt 0:05:36]} 13. Qxd4 {[%emt 0:00:02]} b5 {[%emt 0:09:59]} 14. Nb2 {[%emt 0:00:06]} Be7 {[%emt 0:06:53]} 15. Qd2 {[%emt 0:03:13]} O-O {[%emt 0:10:04]} 16. O-O {[%emt 0:00:08]} f6 {[%emt 0:15:41]} 17. Nd3 {[%emt 0:01:10]} Nb6 {[%emt 0:04:25]} 18. exf6 {[%emt 0:08:43]} gxf6 {[%emt 0:02:45]} 19. Nd4 {[%emt 0:03:15]} Bd7 {[%emt 0:14:06]} 20. Bg4 {[%emt 0:02:33]} e5 {[%emt 0:07:15]} 21. Bxd7 {[%emt 0:00:47]} Nxd7 {[%emt 0:00:21]} 22. fxe5 {[%emt 0:00:42]} fxe5 {[%emt 0:00:41]} 23. Nf5 {[%emt 0:00:06]} Qb6+ {[%emt 0:04:09]} 24. Kh1 {[%emt 0:00:25]} Qe6 {[%emt 0:00:03]} 25. g4 {[%emt 0:12:30]} Kh8 {[%emt 0:03:13]} 26. Rae1 {[%emt 0:00:37]} Bf6 {[%emt 0:03:12]} 27. Nf4 {[%emt 0:02:16]} Qg8 {[%emt 0:00:05]} 28. Nxd5 {[%emt 0:01:09]} Rad8 {[%emt 0:03:11]} 29. Qg2 {[%emt 0:01:37]} Bg5 {[%emt 0:02:04]} 30. h4 {[%emt 0:00:44]} Bf6 {[%emt 0:02:00]} 31. g5 {[%emt 0:01:24]} Bg7 {[%emt 0:00:17]} 32. h5 {[%emt 0:00:39]} e4 {[%emt 0:02:57]} 33. Qxe4 {[%emt 0:02:25]} Nc5 {[%emt 0:01:30]} 34. bxc5 Qxd5 {[%emt 0:00:00]} 35. Qxd5 {[%emt 0:08:51]} Rxd5 36. c6 {[%emt 0:00:31]} Rc5 {[%emt 0:01:42]} 37. Ne7 {[%emt 0:02:47]} Ra8 {[%emt 0:02:09]} 38. h6 {[%emt 0:01:20]} Bxc3 {[%emt 0:00:19]} 39. Re3 {[%emt 0:00:04]} Ba5 {[%emt 0:01:35]} 40. Ref3 {[%emt 0:00:00]} 1-0

[Event "POL-chT 1st League 2020"]
[Site "Ustron"]
[Date "2020.09.08"]
[Round "4.24"]
[White "Dwilewicz, Katarzyna"]
[Black "Wikar, Martyna"]
[Result "0-1"]
[WhiteElo "2134"]
[BlackElo "2045"]
[Annotator "ChessBase"]
[PlyCount "89"]
[EventDate "2020.09.05"]
[EventType "team-tourn"]
[EventCountry "POL"]
[SourceTitle "playchess.com"]
[Source "ChessBase"]
[SourceQuality "1"]
[TimeControl "40/5400+30:1800+30"]

1. e4 {[%emt 0:00:00]} c5 {[%emt 0:00:00]} 2. Nf3 {[%emt 0:00:00]} d6 {[%emt 0:00:00]} 3. d4 {[%emt 0:00:09]} cxd4 {[%emt 0:00:00]} 4. Nxd4 {[%emt 0:00:05]} Nf6 {[%emt 0:00:09]} 5. Nc3 {[%emt 0:00:06]} a6 {[%emt 0:00:06]} 6. h3 {[%emt 0:00:35]} e5 {[%emt 0:00:10]} 7. Nde2 {[%emt 0:00:28]} b5 {[%emt 0:00:12]} 8. g4 {[%emt 0:03:33]} Bb7 {[%emt 0:01:07]} 9. Bg2 {[%emt 0:00:26]} h6 {[%emt 0:01:22]} 10. Be3 {[%emt 0:05:58]} Nbd7 {[%emt 0:02:55]} 11. Ng3 {[%emt 0:02:50]} Rc8 {[%emt 0:02:22]} 12. O-O {[%emt 0:06:52]} Qc7 {[%emt 0:04:49]} 13. a3 {[%emt 0:02:48]} Nb6 {[%emt 0:04:11]} 14. Qe2 {[%emt 0:07:27]} Nc4 {[%emt 0:02:22]} 15. Bc1 {[%emt 0:00:15]} g6 {[%emt 0:03:40]} 16. f4 {[%emt 0:08:36]} exf4 {[%emt 0:07:25]} 17. Bxf4 {[%emt 0:19:28]} Bg7 {[%emt 0:02:13]} 18. e5 {[%emt 0:09:59]} dxe5 {[%emt 0:06:28]} 19. Bxb7 {[%emt 0:03:18]} Qxb7 {[%emt 0:00:25]} 20. Bxe5 {[%emt 0:00:15]} Nxe5 {[%emt 0:06:35]} 21. Qxe5+ {[%emt 0:00:02]} Qe7 {[%emt 0:00:10]} 22. Qxe7+ {[%emt 0:05:19]} Kxe7 {[%emt 0:00:03]} 23. Rfe1+ {[%emt 0:01:14]} Kd7 {[%emt 0:03:55]} 24. Rad1+ {[%emt 0:00:30]} Kc6 {[%emt 0:00:29]} 25. Kf2 {[%emt 0:08:54]} Rhe8 {[%emt 0:01:51]} 26. Kf3 {[%emt 0:08:40]} Nd7 {[%emt 0:02:45]} 27. Nge4 {[%emt 0:02:53]} Ne5+ {[%emt 0:01:12]} 28. Kf4 {[%emt 0:00:04]} Nc4 {[%emt 0:05:45]} 29. Nd5 {[%emt 0:01:57]} Be5+ {[%emt 0:03:03]} 30. Kf3 {[%emt 0:00:02]} a5 {[%emt 0:10:20]} 31. b4 {[%emt 0:00:20]} a4 {[%emt 0:01:09]} 32. Rd3 {[%emt 0:01:51]} Bb2 {[%emt 0:03:41]} 33. Kf2 {[%emt 0:00:54]} Bxa3 {[%emt 0:03:18]} 34. Ndf6 {[%emt 0:00:23]} Re6 {[%emt 0:04:23]} 35. Rb1 {[%emt 0:00:25]} Bb2 {[%emt 0:00:55]} 36. c3 {[%emt 0:00:52]} a3 {[%emt 0:00:35]} 37. Rdd1 {[%emt 0:00:29]} a2 {[%emt 0:02:02]} 38. Rxb2 {[%emt 0:00:05]} Nxb2 {[%emt 0:00:06]} 39. Ra1 {[%emt 0:00:02]} Ra8 {[%emt 0:00:36]} 40. Ke3 {[%emt 0:00:00]} Nc4+ {[%emt 0:00:00]} 41. Kd3 {[%emt 0:01:06]} Nd6 {[%emt 0:02:34]} 42. g5 {[%emt 0:00:08]} Nxe4 {[%emt 0:00:32]} 43. Nxe4 {[%emt 0:00:05]} Rd8+ {[%emt 0:00:15]} 44. Ke3 {[%emt 0:00:04]} Rde8 {[%emt 0:00:19]} 45. Kd4 0-1

[Event "POL-chT 1st League 2020"]
[Site "Ustron"]
[Date "2020.09.08"]
[Round "4.26"]
[White "Jakubiec, Artur"]
[Black "Chylewski, Patryk"]
[Result "1/2-1/2"]
[WhiteElo "2463"]
[BlackElo "2324"]
[Annotator "TA"]
[PlyCount "44"]
[EventDate "2020.09.05"]
[EventType "team-tourn"]
[EventCountry "POL"]
[SourceTitle "playchess.com"]
[Source "ChessBase"]
[SourceQuality "1"]

{[%evp 22,44,-19,-29,0,0,27,22,40,-8,6,-8,-14,-24,-27,-31,-14,-24,4,-30,10,3,9,0,8]} 1. Nf3 Nf6 2. g3 d5 3. Bg2 c6 4. O-O Bg4 5. b3 Nbd7 6. Bb2 e6 7. d3 Bd6 8. Nbd2 O-O 9. h3 Bh5 10. Qe1 e5 11. Nh4 Re8 12. e4 dxe4 {A07: Réti Opening: New York and Capablanca Systems.} 13. dxe4 Qc7 14. Nc4 Bf8 {[#]} 15. Kh1 $146 ({Predecessor:} 15. Nf5 Bg6 16. Rd1 b5 17. Qa5 Nb6 18. Ncd6 Re6 19. c4 Bxf5 20. exf5 Rxd6 21. Bxe5 bxc4 22. bxc4 {0-1 (35) Maksimovic,S (2183)-Eric,J (2218) Valjevo 2010}) 15... b5 16. Ne3 Nc5 {[%cal Bd7c5,Bc5b7,Bb7a5][%mdl 32]} 17. f3 Nfd7 18. a4 bxa4 19. b4 Nb7 20. Rxa4 (20. g4 $5 {[%cal Rg4h5]} Bg6 21. Rxa4 $11) 20... a5 21. bxa5 Rxa5 22. Rxa5 Nxa5 {A rather calm draw. Accuracy: White = 71%, Black = 56%.} 1/2-1/2

[Event "POL-chT 1st League 2020"]
[Site "Ustron"]
[Date "2020.09.08"]
[Round "4.27"]
[White "Kokoszczynski, Jan"]
[Black "Olsen, Filip Boe"]
[Result "0-1"]
[WhiteElo "2231"]
[BlackElo "2351"]
[Annotator "ChessBase"]
[PlyCount "64"]
[EventDate "2020.09.05"]
[EventType "team-tourn"]
[EventCountry "POL"]
[SourceTitle "playchess.com"]
[Source "ChessBase"]
[SourceQuality "1"]
[TimeControl "40/5400+30:1800+30"]

1. d4 {[%emt 0:00:00]} Nf6 {[%emt 0:00:00]} 2. c4 {[%emt 0:00:00]} e6 {[%emt 0:00:00]} 3. Nf3 {[%emt 0:00:00]} d5 {[%emt 0:00:00]} 4. g3 {[%emt 0:00:00]} dxc4 {[%emt 0:00:17]} 5. Bg2 {[%emt 0:00:45]} Bb4+ {[%emt 0:00:41]} 6. Nbd2 {[%emt 0:01:34]} O-O {[%emt 0:02:36]} 7. O-O {[%emt 0:00:23]} b5 {[%emt 0:03:42]} 8. Ne1 {[%emt 0:03:53]} c6 {[%emt 0:03:37]} 9. Nc2 {[%emt 0:00:45]} Be7 {[%emt 0:00:50]} 10. a4 {[%emt 0:00:14]} Nd5 {[%emt 0:01:02]} 11. e4 {[%emt 0:00:56]} Nf6 {[%emt 0:01:11]} 12. e5 {[%emt 0:00:25]} Nd5 {[%emt 0:00:09]} 13. Ne4 {[%emt 0:00:09]} Nd7 {[%emt 0:03:50]} 14. Re1 {[%emt 0:06:52]} f5 {[%emt 0:15:09]} 15. exf6 {[%emt 0:02:23]} N7xf6 {[%emt 0:01:18]} 16. Qe2 {[%emt 0:22:32]} Nxe4 {[%emt 0:14:08]} 17. Bxe4 {[%emt 0:00:42]} Bf6 {[%emt 0:03:36]} 18. h4 {[%emt 0:07:02]} a6 {[%emt 0:06:16]} 19. Kg2 {[%emt 0:06:06]} Ra7 {[%emt 0:04:20]} 20. Bd2 {[%emt 0:18:09]} Raf7 {[%emt 0:03:58]} 21. f4 {[%emt 0:01:21]} c5 {[%emt 0:01:25]} 22. axb5 {[%emt 0:00:13]} axb5 {[%emt 0:00:49]} 23. Ba5 {[%emt 0:01:46]} Qd7 {[%emt 0:02:49]} 24. dxc5 {[%emt 0:01:02]} Bxb2 {[%emt 0:01:24]} 25. Rad1 Qa7 {[%emt 0:02:00]} 26. Bb4 {[%emt 0:06:42]} Nxb4 {[%emt 0:03:07]} 27. Nxb4 {[%emt 0:00:24]} Bc3 {[%emt 0:00:11]} 28. Bxh7+ {[%emt 0:04:57]} Kxh7 {[%emt 0:00:43]} 29. Qc2+ {[%emt 0:00:04]} Kg8 {[%emt 0:00:26]} 30. Qxc3 {[%emt 0:00:03]} Qxc5 31. Rd4 {[%emt 0:02:42]} e5 {[%emt 0:03:26]} 32. Rd2 {[%emt 0:04:54]} exf4 {[%emt 0:00:19]} 0-1

[Event "POL-chT 1st League 2020"]
[Site "Ustron"]
[Date "2020.09.08"]
[Round "4.28"]
[White "Szoen, Dariusz"]
[Black "Praczukowski, Stanislaw"]
[Result "1-0"]
[WhiteElo "2407"]
[BlackElo "2173"]
[Annotator "TA"]
[PlyCount "71"]
[EventDate "2020.09.05"]
[EventType "team-tourn"]
[EventCountry "POL"]
[SourceTitle "playchess.com"]
[Source "ChessBase"]
[SourceQuality "1"]

{[%evp 9,71,0,3,0,0,0,-18,0,0,-8,0,-5,0,-14,102,85,79,76,81,65,80,76,145,147,189,189,205,195,184,206,179,169,228,229,279,292,291,272,286,270,391,393,378,369,442,442,434,425,400,394,366,382,389,393,395,405,403,395,395,388,429,438,419,400]} 1. e4 c5 2. Nc3 Nc6 3. Bb5 Nd4 4. Bc4 e6 5. Nge2 a6 6. a4 {B23: Closed Sicilian: Lines without g3.} Nf6 7. O-O d5 8. exd5 {The position is equal.} exd5 9. Ba2 Bd6 10. d3 Ne6 11. Ng3 {[#]} Be7 $146 (11... Bxg3 $11 12. fxg3 O-O) ({Predecessor:} 11... O-O 12. Nh5 d4 13. Nxf6+ Qxf6 14. Ne4 Qe7 15. f4 f5 16. Ng5 h6 17. Nf3 Qc7 {½-½ (84) Kosteniuk,A (2517)-Dzagnidze,N (2511) Shaoxing 2019}) 12. Nf5 d4 13. Nxe7 Qxe7 14. Nd5 Nxd5 15. Bxd5 Qf6 {[#]} (15... O-O $142) 16. f4 $1 $16 g6 17. Qf3 O-O 18. f5 Qxf5 19. Qxf5 gxf5 20. Rxf5 {Hoping for Bh6.} Kg7 (20... Ng7 {was worth a try.} 21. Rg5 Re8) 21. Bd2 f6 22. Rh5 Kg6 23. Rh6+ Kg7 24. Re1 Re8 (24... Ng5 $142) 25. Rf1 $18 Rf8 26. Rh3 Rf7 27. Rg3+ Kh8 28. Re1 Re7 29. Bh6 Bd7 30. Rf3 ({Much less strong is} 30. Bxb7 Rae8 $18) 30... Bc6 31. Bxc6 ({Weaker is} 31. Rxe6 Rxe6 32. Bxe6 Bxf3 $18) 31... bxc6 32. Rxf6 Rae8 33. Rf5 Kg8 34. b3 Rf7 {[#]} 35. Rg5+ $1 {[%mdl 576] Pin} Kh8 {[#]} (35... Nxg5 36. Rxe8+) 36. Rxc5 $1 {[%mdl 576] Pin. Black got outplayed after the opening. Accuracy: White = 100%, Black = 62%.} 1-0

[Event "POL-chT 1st League 2020"]
[Site "Ustron"]
[Date "2020.09.08"]
[Round "4.29"]
[White "Redzisz, Michal"]
[Black "Boe, Mads"]
[Result "1-0"]
[WhiteElo "2164"]
[BlackElo "2284"]
[Annotator "ChessBase"]
[PlyCount "53"]
[EventDate "2020.09.05"]
[EventType "team-tourn"]
[EventCountry "POL"]
[SourceTitle "playchess.com"]
[Source "ChessBase"]
[SourceQuality "1"]
[TimeControl "40/5400+30:1800+30"]

1. d4 {[%emt 0:00:00]} f5 {[%emt 0:00:00]} 2. g3 {[%emt 0:00:00]} Nf6 {[%emt 0:00:00]} 3. Bg2 {[%emt 0:00:00]} e6 {[%emt 0:00:06]} 4. Nf3 {[%emt 0:00:00]} Be7 {[%emt 0:00:41]} 5. O-O {[%emt 0:00:00]} O-O {[%emt 0:00:06]} 6. c4 {[%emt 0:00:00]} d6 {[%emt 0:00:07]} 7. b3 {[%emt 0:00:07]} Qe8 {[%emt 0:04:05]} 8. Bb2 {[%emt 0:00:04]} Nc6 {[%emt 0:05:34]} 9. Nc3 {[%emt 0:04:24]} Bd7 {[%emt 0:16:34]} 10. Re1 {[%emt 0:00:39]} Qh5 {[%emt 0:00:43]} 11. e4 {[%emt 0:05:30]} fxe4 {[%emt 0:00:56]} 12. Nxe4 {[%emt 0:00:07]} Nxe4 {[%emt 0:01:43]} 13. Rxe4 {[%emt 0:00:04]} Bf6 {[%emt 0:00:11]} 14. Qd2 {[%emt 0:11:44]} Rae8 {[%emt 0:13:04]} 15. Rae1 {[%emt 0:01:39]} b6 {[%emt 0:04:39]} 16. h4 {[%emt 0:07:17]} Nd8 {[%emt 0:01:47]} 17. g4 {[%emt 0:13:50]} Qf7 {[%emt 0:07:48]} 18. Rf4 {[%emt 0:01:28]} e5 {[%emt 0:17:15]} 19. dxe5 {[%emt 0:04:08]} dxe5 {[%emt 0:00:08]} 20. Nxe5 {[%emt 0:01:48]} Qe7 {[%emt 0:00:10]} 21. Bd5+ {[%emt 0:04:01]} Be6 {[%emt 0:00:06]} 22. g5 {[%emt 0:16:04]} Bxe5 {[%emt 0:00:33]} 23. Rxe5 {[%emt 0:01:17]} c6 {[%emt 0:07:34]} 24. Bxe6+ {[%emt 0:03:28]} Nxe6 {[%emt 0:00:07]} 25. Rfe4 {[%emt 0:00:48]} Qf7 {[%emt 0:01:04]} 26. Qe2 {[%emt 0:03:35]} Nf4 {[%emt 0:00:22]} 27. Rxf4 {[%emt 0:00:07]} 1-0

[Event "POL-chT 1st League 2020"]
[Site "Ustron"]
[Date "2020.09.08"]
[Round "4.30"]
[White "Kubicka, Anna"]
[Black "Moscicka, Pola"]
[Result "1-0"]
[WhiteElo "2264"]
[BlackElo "1880"]
[Annotator "ChessBase"]
[PlyCount "83"]
[EventDate "2020.09.05"]
[EventType "team-tourn"]
[EventCountry "POL"]
[SourceTitle "playchess.com"]
[Source "ChessBase"]
[SourceQuality "1"]
[TimeControl "40/5400+30:1800+30"]

1. e4 {[%emt 0:00:00]} c5 {[%emt 0:00:00]} 2. Nf3 {[%emt 0:00:00]} Nc6 {[%emt 0:00:00]} 3. d4 {[%emt 0:00:00]} cxd4 {[%emt 0:00:00]} 4. Nxd4 {[%emt 0:00:00]} Nf6 {[%emt 0:00:00]} 5. Nc3 {[%emt 0:00:00]} d6 {[%emt 0:00:08]} 6. Bg5 {[%emt 0:00:00]} e6 {[%emt 0:00:20]} 7. Qd2 {[%emt 0:00:02]} a6 {[%emt 0:00:16]} 8. O-O-O {[%emt 0:00:13]} Bd7 {[%emt 0:00:08]} 9. Kb1 {[%emt 0:00:19]} b5 {[%emt 0:05:01]} 10. Nxc6 {[%emt 0:01:02]} Bxc6 {[%emt 0:00:07]} 11. f3 {[%emt 0:01:00]} Be7 {[%emt 0:04:06]} 12. Bxf6 {[%emt 0:01:01]} gxf6 {[%emt 0:01:27]} 13. Bd3 {[%emt 0:00:47]} Qb6 {[%emt 0:16:12]} 14. f4 {[%emt 0:03:02]} a5 {[%emt 0:08:06]} 15. f5 {[%emt 0:01:46]} b4 {[%emt 0:04:24]} 16. Ne2 {[%emt 0:00:16]} e5 {[%emt 0:01:40]} 17. Ng3 {[%emt 0:00:32]} a4 {[%emt 0:06:25]} 18. Bc4 {[%emt 0:04:03]} Qc5 {[%emt 0:05:40]} 19. Bd5 {[%emt 0:03:58]} Rc8 {[%emt 0:02:44]} 20. Bxc6+ {[%emt 0:00:37]} Rxc6 {[%emt 0:02:12]} 21. Qe2 {[%emt 0:05:43]} Kd7 {[%emt 0:13:31]} 22. Rd5 {[%emt 0:01:38]} Qa7 {[%emt 0:00:36]} 23. Rb5 {[%emt 0:34:35]} Rb8 {[%emt 0:10:09]} 24. Rxb8 {[%emt 0:01:15]} Qxb8 {[%emt 0:00:04]} 25. Qd3 {[%emt 0:02:51]} Rc5 {[%emt 0:06:54]} 26. Rd1 {[%emt 0:01:54]} Qb7 {[%emt 0:00:12]} 27. Nf1 {[%emt 0:02:35]} Qc6 {[%emt 0:01:21]} 28. Ne3 {[%emt 0:01:42]} a3 {[%emt 0:02:24]} 29. Nd5 {[%emt 0:00:59]} axb2 {[%emt 0:01:18]} 30. Kxb2 {[%emt 0:02:48]} Rb5 {[%emt 0:02:17]} 31. Qb3 {[%emt 0:04:02]} Ke8 {[%emt 0:02:05]} 32. Rd3 {[%emt 0:05:47]} Bd8 {[%emt 0:02:46]} 33. Rg3 {[%emt 0:02:26]} Kf8 {[%emt 0:00:14]} 34. Rh3 {[%emt 0:06:09]} Qc5 {[%emt 0:00:10]} 35. Qe3 {[%emt 0:02:51]} Qc4 {[%emt 0:02:25]} 36. Rxh7 {[%emt 0:02:57]} Ke8 {[%emt 0:01:05]} 37. Qa7 {[%emt 0:04:17]} Qd4+ {[%emt 0:01:07]} 38. Qxd4 {[%emt 0:00:03]} exd4 {[%emt 0:00:04]} 39. Rh8+ {[%emt 0:01:19]} Kd7 {[%emt 0:00:05]} 40. Rf8 {[%emt 0:00:00]} Ba5 {[%emt 0:00:00]} 41. Rxf7+ {[%emt 0:01:22]} Kc6 {[%emt 0:01:25]} 42. Rxf6 {[%emt 0:02:56]} 1-0

[Event "POL-chT 1st League 2020"]
[Site "Ustron"]
[Date "2020.09.09"]
[Round "5.1"]
[White "Pakleza, Zbigniew"]
[Black "Kolago, Marcin"]
[Result "1-0"]
[WhiteElo "2503"]
[BlackElo "2342"]
[Annotator "TA"]
[PlyCount "93"]
[EventDate "2020.09.05"]
[EventType "team-tourn"]
[EventCountry "POL"]
[SourceTitle "playchess.com"]
[Source "ChessBase"]
[SourceQuality "1"]

{[%evp 9,93,44,42,32,54,13,49,44,56,57,56,67,69,72,73,69,69,69,69,69,70,60,75,67,104,52,89,85,80,81,88,97,91,98,108,87,120,120,158,82,75,79,119,118,107,88,109,64,130,132,247,267,277,262,274,270,379,376,389,387,361,337,406,257,354,350,581,572,571,569,572,550,549,524,583,589,588,653,649,581,580,568,787,779,766,757]} 1. e4 d5 2. exd5 Qxd5 3. Nf3 g6 4. d4 Bg7 5. Be2 Nh6 6. O-O {B01: Scandinavian Defence.} O-O 7. c3 Nf5 8. Na3 {White is slightly better.} c5 {[%cal Rc5d4]} 9. Nb5 {Black must now prevent Nc7.} Na6 10. dxc5 Qxc5 11. g4 {[#]} Nd6 $146 ({Predecessor:} 11... Nh6 12. Be3 Qc6 13. h3 f5 14. Nfd4 Qe8 15. Qd2 Nf7 16. gxf5 gxf5 17. f4 Bd7 {½-½ (59) Iljiushenok,I (2519)-Rakhmanov,A (2659) Khanty-Mansiysk 2017}) 12. Be3 Qc6 13. Nxd6 Qxd6 14. Qxd6 exd6 15. Nd4 Bd7 16. Rfd1 Rfd8 17. Bf3 (17. a4 $16) 17... Nc7 18. Rd2 d5 19. Rad1 Bf6 20. g5 Be7 21. h4 Ba4 22. Nb3 Bc6 23. Na5 h6 24. Bg2 (24. gxh6 $142 Bxh4 25. c4 dxc4 26. Nxc6 bxc6 27. Bxc6 Rxd2 28. Rxd2) 24... hxg5 25. hxg5 Ba4 26. b3 Bc6 27. a4 Kf8 28. f4 Ke8 (28... Ne6 $14) 29. Kf2 $16 f6 (29... Ne6 $16 {was called for.} 30. Bxd5 Bxd5) 30. Rh1 $18 fxg5 31. fxg5 Ne6 32. Re2 {Threatens to win with Bc1.} Kf7 (32... Kf8 $142 33. Nxc6 bxc6) 33. Rh7+ Ng7 34. Bd4 Bf8 35. b4 a6 36. Bf3 Rab8 37. Bf6 Re8 $2 (37... Kg8) 38. Rxe8 {White is clearly winning.} Rxe8 {[#]} 39. b5 $1 {[%mdl 512]} axb5 40. axb5 Kg8 41. Rh6 ({Not} 41. bxc6 Kxh7 42. cxb7 Nf5 $16) 41... Bxb5 {If Black can now play ...Ne6 this consolidates a bit.} 42. Bxd5+ {[%mdl 64] Double Attack} Ne6 43. Rh8+ Kf7 44. Rh7+ Kg8 45. Rxb7 Ba6 46. Rc7 Bd3 {[#]} 47. Rc8 $1 {[%mdl 512] Accuracy: White = 84%, Black = 45%.} 1-0

[Event "POL-chT 1st League 2020"]
[Site "Ustron"]
[Date "2020.09.09"]
[Round "5.2"]
[White "Wiewiora, Eneasz"]
[Black "Jakubiec, Artur"]
[Result "1/2-1/2"]
[WhiteElo "2346"]
[BlackElo "2463"]
[Annotator "TA"]
[PlyCount "34"]
[EventDate "2020.09.05"]
[EventType "team-tourn"]
[EventCountry "POL"]
[SourceTitle "playchess.com"]
[Source "ChessBase"]
[SourceQuality "1"]

{[%evp 9,19,12,35,4,4,0,10,10,6,6,14,14]} 1. e4 c5 2. c3 d5 3. exd5 Qxd5 4. d4 Nc6 5. Nf3 Bf5 6. Be2 {B22: Sicilian: 2 c3.} cxd4 {The position is equal.} 7. cxd4 Bxb1 8. Rxb1 e6 9. O-O Nf6 10. b4 {[#] A rather calm draw.} {Predecessor:} Bd6 $146 11. b5 Ne7 12. a4 O-O 13. h3 Nf5 14. Bd3 Rac8 15. Re1 Rfd8 16. Bg5 Bb8 17. Bxf6 gxf6 {½-½ (79) Gokerkan,C (2452)-Jones,G (2688) chess24.com INT 2019} 1/2-1/2

[Event "POL-chT 1st League 2020"]
[Site "Ustron"]
[Date "2020.09.09"]
[Round "5.3"]
[White "Olsen, Filip Boe"]
[Black "Rawicz, Karol"]
[Result "1-0"]
[WhiteElo "2351"]
[BlackElo "2225"]
[Annotator "TA"]
[PlyCount "67"]
[EventDate "2020.09.05"]
[EventType "team-tourn"]
[EventCountry "POL"]
[SourceTitle "playchess.com"]
[Source "ChessBase"]
[SourceQuality "1"]

{[%evp 13,67,34,35,36,59,38,50,30,30,17,12,17,22,15,10,-10,6,-52,4,-74,-69,-67,-66,-79,-55,-66,-25,-34,-38,-30,-27,-33,0,0,0,-20,-14,-28,-28,-28,-20,-44,-38,-36,-30,-56,120,109,133,137,376,354,452,444,603,589]} 1. d4 Nf6 2. c4 e6 3. Nf3 d5 4. g3 dxc4 5. Bg2 Nc6 6. O-O a6 7. e3 Bd7 {7...Rb8 is the hot move.} 8. Qe2 {E04: Open Catalan: 5 Nf3.} Rb8 9. Qxc4 Bd6 10. Rd1 {White is slightly better.} Qe7 11. Bd2 O-O {[#]} 12. a3 $146 ({Predecessor:} 12. Qc2 e5 13. Nxe5 Nxe5 14. dxe5 Bxe5 15. Bc3 Bg4 16. Rd2 c6 17. h3 Bh5 18. Bxe5 Qxe5 {½-½ (49) Prozorovsky,V (2404)-Lebedev,V (2492) ICCF email 2017}) 12... Rfe8 13. Nc3 e5 14. b4 e4 {Threatens to win with ...Be6.} 15. Ne1 (15. Ng5 $11) 15... h5 (15... Na7 $15) 16. Qf1 {[#]} (16. f3 $11 {keeps the balance.}) 16... h4 $1 {[%mdl 512]} 17. b5 (17. gxh4 Na7) 17... axb5 18. Nxb5 Ra8 19. Nc2 Bg4 20. Rdb1 Qd7 21. Nxd6 cxd6 22. Qb5 h3 23. Bf1 Ra7 24. Nb4 Rea8 25. Nd5 Nxd5 26. Qxd5 Rxa3 27. Rxa3 Rxa3 28. Rc1 Qe6 29. Qb5 {[#] d5 is the strong threat.} Qf6 $2 (29... Qb3 $15) 30. Qxb7 $16 Ra2 31. Be1 ({Much less strong is} 31. Qxc6 Rxd2 32. Qe8+ Kh7 $14) 31... Nxd4 $2 (31... Ne7 $16) 32. exd4 $18 Qf3 33. Rc3 Qd1 34. Qxe4 {Accuracy: White = 86%, Black = 61%.} 1-0

[Event "POL-chT 1st League 2020"]
[Site "Ustron"]
[Date "2020.09.09"]
[Round "5.4"]
[White "Klepek, Witold"]
[Black "Szoen, Dariusz"]
[Result "1/2-1/2"]
[WhiteElo "2159"]
[BlackElo "2407"]
[Annotator "TA"]
[PlyCount "114"]
[EventDate "2020.09.05"]
[EventType "team-tourn"]
[EventCountry "POL"]
[SourceTitle "playchess.com"]
[Source "ChessBase"]
[SourceQuality "1"]

{[%evp 20,114,35,38,107,35,65,37,126,0,0,0,0,0,-12,-115,-117,-102,12,12,14,14,15,8,14,0,0,0,0,0,12,12,12,8,12,4,33,33,31,8,0,0,4,0,5,5,8,4,22,0,0,0,0,0,0,0,0,0,0,0,0,0,0,0,0,0,0,0,0,0,0,-39,0,0,0,0,0,0,0,0,0,0,0,0,0,0,0,0,0,0,0,0,0,0,0,0,0]} 1. e4 c5 2. Nf3 d6 3. d4 cxd4 4. Nxd4 Nf6 5. Nc3 a6 6. Bg5 e6 7. f4 Nbd7 8. Qf3 Be7 9. O-O-O Qc7 10. Be2 h6 11. Bh4 Rg8 {B99: Sicilian Najdorf: 6 Bg5 e6 7 f4 Be7 8 Qf3 Qc7 9 0-0-0 Nbd7.} (11... O-O $14) 12. Bg3 (12. Rhf1 $16) 12... b5 $1 $14 13. e5 Bb7 {[#]White is slightly better.} 14. Qe3 ({Worse is} 14. exf6 Bxf3 15. Bxf3 Bxf6 $17) ({White should try} 14. Qf2 $1 $16) 14... dxe5 $11 15. fxe5 Nd5 16. Nxd5 Bxd5 {[#]} 17. Bf3 $146 (17. Kb1 $11) ({Predecessor:} 17. Kb1 Rc8 18. Bf3 Nb6 19. Bxd5 Nxd5 20. Qe4 g6 21. h4 Qc4 22. Bf4 Nb4 23. b3 {0-1 (52) Omidi,A (2383)-Sedaghati,M (2228) Khomein 2018}) 17... Bg5 $17 18. Bf4 {[#]} Qxe5 (18... Bxf4 $1 $17 19. Qxf4 Nxe5) 19. Bxg5 $11 Qxg5 20. Qxg5 hxg5 21. Bxd5 exd5 22. Rhe1+ Kf8 23. Nc6 Nf6 24. Nb4 Rh8 25. h3 g4 26. hxg4 Nxg4 27. Rxd5 {next Nxa6! is good for White.} Rh6 28. Rd4 Rg6 29. Nd5 Nh6 30. Re2 Re8 31. Rxe8+ Kxe8 {[%mdl 4096] Endgame KRN-KRN} 32. Ne3 Rg3 33. Kd2 f5 34. a4 g5 35. axb5 axb5 36. Rd6 $1 {[%cal Rd6e6]} f4 37. Rxh6 {Strongly threatening Nf5.} Rxe3 {KR-KR} 38. Rh3 Re5 39. Rf3 Ke7 40. g3 fxg3 41. Rxg3 Kf6 42. Rf3+ Kg6 43. Re3 Rf5 44. b3 g4 45. c4 Kg5 46. Kc3 {The position is equal.} Kf4 47. Re1 g3 48. Kb4 bxc4 49. bxc4 g2 50. c5 Kg3 {White must now prevent ...Rf1.} 51. Rg1 Rf1 {[#]} 52. Rxg2+ $1 {[%mdl 512]} Kxg2 {KR-KP} 53. c6 Kf3 54. Kb5 Ke4 {( -> ...Kd5)} 55. c7 Rc1 56. Kb6 {[#]} Rxc7 $1 {[%mdl 512]} 57. Kxc7 Ke5 {Accuracy: White = 85%, Black = 87%.} 1/2-1/2